000 00392nam a2200157Ia 4500
008 230711s9999||||xx |||||||||||||| ||und||
041 _aENG
082 _a624
_bHA-B
100 _aHall, F
245 0 _aBuilding services and equipment 5 check book
250 _a1st Ed.
260 _c1981
_aNew York
_bButterworth-Heinemann Ltd
300 _a152
650 _aCivil Engineering
942 _cBK
999 _c1650
_d1650